000 02680 a2200325 4500
001 OB-pur-177771
003 FrMaCLE
005 20251214082733.0
007 cu ||||||m||||
008 221214e||||||||xx |||||s|||||||||0|fr|d
020 _a978-2-7535-9159-2
024 7 _a10.4000/books.pur.177771
_2doi
040 _aFR-FrMaCLE
041 _afra
100 1 _aEngélibert, Jean-Paul
245 1 0 _aUtopie et catastrophe :
_bRevers et renaissances de l’utopie (xvie-xxie siècle) /
_cJean-Paul Engélibert, Raphaëlle Guidée.
260 _aRennes :
_bPresses universitaires de Rennes,
_c2022.
300 _a264 p.
500 _aEbook
520 _a Le sentiment domine aujourd’hui que l’utopie serait derrière nous : les contre-utopies occupent notre imagination, comme pour refléter la fin des espérances politiques et l’absence d’horizon de notre siècle désenchanté. Après la chaîne de catastrophes du xxe siècle, qui aurait démontré que l’utopie n’a rien à faire avec la réalité historique, l’utopie n’aurait plus d’intérêt, désormais, que pour l’histoire littéraire : on pourrait en dresser le bilan comme d’une forme du passé sans songer à en poursuivre la tradition, de toute façon épuisée, ni la renouveler. Mais la vogue actuelle de la contre-utopie est-elle vraiment le symptôme d’une société malade qui ne saurait plus éprouver d’enthousiasme ? Les contre-utopies n’ont-elles pas quelque chose à nous apprendre sur l’utopie elle-même, et sur l’ambiguïté fondamentale du genre depuis ses origines ? Enfin n’observe-t-on pas aujourd’hui, en réplique au catastrophisme présent, un renouveau de l’imaginaire utopique dans la littérature et les arts, dont les formes et les enjeux restent à comprendre ? À rebours des discours critiques ou mélancoliques, ce numéro de La Licorne examine cinq siècles d’histoire d’un genre bien plus divers et ambigu qu’on ne le croit souvent. Montrant les zones d’ombre des utopies classiques et la résistance de l’élan utopique au cœur des textes contemporains les plus sombres, les articles rassemblés ici invitent à redécouvrir un imaginaire critique dont on ne saurait concevoir, même et surtout en ces temps de catastrophe, l’épuisement.
540 _aOpenEdition Books License
_uhttps://www.openedition.org/12554
650 4 _aLiterature (General)
650 4 _alittérature
650 4 _autopie
650 4 _acatastrophisme
700 1 _aGuidée, Raphaëlle
760 0 _x2968-255X
776 _z978-2-7535-4009-5
856 4 _eEngélibert, Jean-Paul
_uhttps://books.openedition.org/pur/177771
_yUtopie et catastrophe
999 _c10234
_d10234